| 000 | 00783nam a2200241 a 4500 | ||
|---|---|---|---|
| 001 | BRL_1875 | ||
| 005 | 20190320211417.0 | ||
| 008 | 110815s1940----mx-aob####---#000-0#spa-# | ||
| 041 | _aspa | ||
| 044 | _amx | ||
| 050 | 4 |
_aF1220 _b.B37 1940 |
|
| 100 | 1 |
_aBasauri, Carlos _928105 |
|
| 245 | 1 | 0 |
_aLa población indígena de México _cpor Carlos Basauri. |
| 260 |
_aMéxico _bSecretaría de Educación Publica _c1940 |
||
| 300 |
_a3v. _bil., mapas _c23 cm. |
||
| 500 | _at.1 Au2088, t.2 Au2089, t.3 Au2087 | ||
| 650 | 1 | 4 |
_aIndígenas de México _xPoblación _928106 |
| 650 | 1 | 4 |
_aIndígenas de México _xCaracterísticas físicas _928107 |
| 650 | 1 | 4 |
_aIndígenas de México _xVida social y costumbres _910614 |
| 650 | 1 | 4 |
_aEtnología _zMéxico _923472 |
| 902 | _aGRL | ||
| 942 |
_2lcc _cB |
||
| 999 |
_c10683 _d10683 |
||